La Propiedad territorial y el régimen de servidumbre en la audiencia de Quito

Kaydedildi:
Detaylı Bibliyografya
Yazar: Landázuri Camacho, Carlos
Materyal Türü: Metin
Baskı/Yayın Bilgisi: Quito: DHG
Etiketler: Etiketle
Etiket eklenmemiş, İlk siz ekleyin!

MARC

LEADER 00000 a a2200000 04500
001 24407
003
040
090 |a 175000  
100 |a Landázuri Camacho, Carlos  
245 |a La Propiedad territorial y el régimen de servidumbre en la audiencia de Quito  
260 |a Quito:   |b DHG  
300 |a pp. 87-97  
999 |c 12121  |d 12121